| 000 | 00886nam a22002417a 4500 | ||
|---|---|---|---|
| 999 |
_c64448 _d64448 |
||
| 005 | 20240530110732.0 | ||
| 008 | 180415s2013 ua g b 000 ||ara d | ||
| 017 |
_a2013/16034 _bمصر. دار الكتب |
||
| 020 | _a9789774485565 | ||
| 040 |
_aEG-CaGPL _cEG-CaGPL |
||
| 082 | 0 | 4 |
_221 _a394.2 / _bف م |
| 100 | 0 | _aفؤاد مرسى | |
| 245 | 1 | 0 |
_aمعجم رمضان : _bالاصدار الثانى / _cفؤاد مرسى |
| 260 |
_aالقاهرة : _bالهيئة المصرية العامة للكتاب ، _c2013. |
||
| 300 |
_a436 ص. ؛ _c24 سم. |
||
| 650 | 0 | 7 |
_2qrmak _aشهر رمضان _xاحتفالات |
| 650 | 0 | 7 |
_2qrmak _aرمضان _xعادات وتقاليد |
| 650 | 0 | 7 |
_2qrmak _aشهر رمضان _vمعاجم |
| 650 | 0 | 7 |
_2qrmak _aشهر رمضان _xثبوت الرؤية |
| 651 | _2qrmak | ||
| 942 |
_2ddc _cBK |
||